000 00489nam a22001697a 4500
003 0
005 20160609165238.0
008 100107t xxu||||| |||| 00| 0 eng d
037 _aM15406
_bBIBLIO
040 _aUAC
_bF
_cEPAC
082 _a27.APE/ADA
100 _aMahoudjro Roméo ADAMOU
_92584
245 _aGestion des eaux usées dans le sixième arrondissement de Cotonou
260 _aEPAC
_bBIBLIO
_c2007-2008
650 _aAMENAGEMENT PROTECTION ENVIRONNEMENT
_92585
942 _cTHE
999 _c46658
_d46658